书目信息 |
| 题名: |
推动社会主义文化繁荣兴盛
|
|
| 作者: | 王晓晖 主编 | |
| 分册: | ||
| 出版信息: | 北京 人民出版社 2019 |
|
| 页数: | 201页 | |
| 开本: | 24cm | |
| 丛书名: | ||
| 单 册: | ||
| 中图分类: | G120 | |
| 科图分类: | ||
| 主题词: | 社会主义--文化事业--建设--中国--干部培训--教材 | |
| 电子资源: | ||
| ISBN: | 978-7-01-020387-4 | |
| 000 | 00950nam0 2200241 450 | |
| 001 | 0104927021 | |
| 005 | 20200110151004.0 | |
| 010 | @a978-7-01-020387-4@dCNY33.00 | |
| 100 | @a20191022d2019 em y0chiy0120 ea | |
| 101 | 0 | @achi |
| 102 | @aCN@b110000 | |
| 105 | @aa z 000yy | |
| 106 | @ar | |
| 200 | 1 | @a推动社会主义文化繁荣兴盛@9Tui Dong She Hui;Kuai Zhu Yi Wen Hua Fan;Po Rong Xing Sheng;Cheng @f全国干部培训教材编审指导委员会组织编写@b专著 |
| 210 | @a北京@c人民出版社@c党建读物出版社@d2019 | |
| 215 | @a201页@c彩照@d24cm | |
| 300 | @a全国干部学习培训教材 | |
| 330 | @a本书共分八章,内容包括:坚持中国特色社会主义文化发展的道路、牢牢掌握意识形态工作领导权、培育和践行社会主义核心价值观、加强思想道德建设、繁荣发展社会主义文艺等章节。 | |
| 606 | 0 | @a社会主义@x文化事业@x建设@y中国@x干部培训@j教材 |
| 690 | @aG120@v5 | |
| 701 | 0 | @a王晓晖@c(公务员)@4主编@9wang xiao hui |
| 801 | 0 | @aCN@bAZmarc@c20230906 |
| 905 | @aBZT@dG120@e1@f3@sG120/1 | |
| 推动社会主义文化繁荣兴盛/全国干部培训教材编审指导委员会组织编写.-北京:人民出版社:党建读物出版社,2019 |
| 201页:彩照;24cm |
| 全国干部学习培训教材 |
| ISBN 978-7-01-020387-4:CNY33.00 |
| 本书共分八章,内容包括:坚持中国特色社会主义文化发展的道路、牢牢掌握意识形态工作领导权、培育和践行社会主义核心价值观、加强思想道德建设、繁荣发展社会主义文艺等章节。 |
| ● |
| 相关链接 |
|
|
|
正题名:推动社会主义文化繁荣兴盛
索取号:G120/1
 
预约/预借
| 序号 | 登录号 | 条形码 | 馆藏地/架位号 | 状态 | 备注 |
| 1 | 2000030833 | 2000030833 | 旧书回溯/ [索取号:G120/1] | 在馆 | |
| 2 | 2000030963 | 2000030963 | 旧书回溯/ [索取号:G120/1] | 在馆 | |
| 3 | 2000031090 | 2000031090 | 旧书回溯/ [索取号:G120/1] | 在馆 |